000 00498nam a2200181Ia 4500
005 20250508150712.0
008 008 250505s9999 xx 000 0 eng d
037 _aReference
040 _aFEDL
_beng
_cFEDL
041 _aeng
_2eng
084 _a370.58, YEA
_qFEDL
100 _aJeffery G B
_9757414
245 0 _aYear book of education 1949
260 _aLondon, UK
_bEvans Brothers Limited
_c1949
300 _a660p.
942 _cREF
_h370.58, YEA
999 _c1325142
_d1325142